Quiz o Karolu Wojtyle - Statystyki

Ogólne statystyki
  • Ten quiz został rozwiązany 8 375 razy
  • Średni wynik to 9 z 18
Statystyki odpowiedzi
Zagadnienie Odpowiedź % Poprawnych
Imię, które przyjął jako papież Jan Paweł II
97%
Miejsce urodzenia Wadowice
88%
Rok śmierci 2005
81%
Rok, w którym został papieżem 1978
73%
Ulubiona pieśń religijna Barka
72%
Liczba języków, którymi biegle się posługiwał 8
69%
Pasja z dzieciństwa piłka nożna, teatr, literatura, narciarstwo
69%
Rok kanonizacji 2014
63%
Drużyna piłkarska, której kibicował w młodości Cracovia
53%
Imię ojca Karol
50%
Najczęściej odwiedzane kraje oprócz Polski USA, Francja
50%
Uniwersytet, na którym studiował w Krakowie Uniwersytet Jagielloński
36%
Osobisty sekretarz Stanisław Dziwisz
29%
Kraje, do których udał się w pierwszą pielgrzymkę jako papież Dominikana, Meksyk, Bahamy
20%
Imię matki Emilia
19%
Papieska dewiza Totus Tuus (Cały Twój)
18%
Miejsce, gdzie został wybrany na papieża Kaplica Sykstyńska
14%
Pierwsza encyklika "Redemptor hominis" ("Odkupiciel człowieka")
4%
Nie znaleziono quizów pasujących do podanych kryteriów
Rozkład punktacji
Procent ludzi z każdym wynikiem
Percentyl według liczby udzielonych odpowiedzi
Twoja historia wyników
Nie rozwiązałeś tego quizu